| 000 | 00000nam##2200000za#4500 |
| 001 | 9.612854 |
| 003 | CaOODSP |
| 005 | 20200706133859 |
| 007 | ta |
| 008 | 150406|1996||||xxc||||| f|0| 0 eng|d |
| 020 | |a0-660-15597-4 |
| 022 | |a1200-5223 |
| 040 | |aCaOODSP|beng |
| 043 | |an-cn--- |
| 086 | 1 |aCS11-0019/89E |
| 245 | 04|aThe intergenerational income mobility of Canadian men / |cby Miles Corak and Andrew Heisz. |
| 260 | |aOttawa - Ontario : |bStatistics Canada. |c1996. |
| 300 | |a19p. : |bgraphs, tables ; |c28 cm. |
| 490 | 1 |aResearch paper series|x1200-5223|vNo. 89 |
| 500 | |a"In this paper we use administrative data associated with the tax system to: (1) document the extent of intergenerational income mobility among Canadian men; and (2) estimate the income disadvantage (in adulthood) of being raised in a low income household."--Abstract. |
| 504 | |aBibliography. |
| 520 | 3 |aIn this paper we use administrative data associated with the tax system to: (1) document the extent of intergenerational income mobility among Canadian men; and (2) estimate the income disadvantage (in adulthood) of being raised in a low income household.--Abstract |
| 563 | |aSoftcover |
| 590 | |a96-05|b1996-02-02 |
| 690 | 07|aIncome|2gcpds |
| 710 | 2 |aStatistics Canada. |bAnalytical Studies Branch. |
| 720 | 1 |aCorak, Miles |
| 720 | 1 |aHeisz, Andrew |
| 775 | 08|tMobilité intergénérationnelle du revenu des hommes au Canada / |w(CaOODSP)9.623723 |
| 776 | 0#|tThe intergenerational income mobility of Canadian men / |w(CaOODSP)9.574584 |
| 830 | #0|aResearch paper series,|x1200-5223|vNo. 89|w(CaOODSP)9.514463 |